| 000 | 00736nam a2200265 a 4500 | ||
|---|---|---|---|
| 001 | BRCA_7806 | ||
| 005 | 20190320210014.0 | ||
| 008 | 161013s1960----nyuac#####---#000-0#eng-# | ||
| 041 | _aeng | ||
| 044 | _anyu | ||
| 050 | 4 |
_aE748 _b.B37 1960 |
|
| 100 | 1 |
_aBaruch, Bernard Mannes _919336 |
|
| 245 | 1 | 0 |
_aBaruch _bthe public years _cBernard Mannes Baruch. |
| 260 |
_aNueva York _bHolt _c1960 |
||
| 300 |
_a431 p. _c21 cm. |
||
| 500 | _aVer también S132 (v.1) | ||
| 500 | _aX88 | ||
| 505 | 0 | _aContenido: v.1 My own story. -- v.2 The public years | |
| 600 | 1 | 4 |
_aBaruch, Bernard Mannes _d1870-1965 _919337 |
| 650 | 1 | 4 |
_aMemorias _919338 |
| 650 | 1 | 4 |
_aFinanzas _915684 |
| 650 | 1 | 4 |
_aEconomía _914865 |
| 902 | _aGFM | ||
| 942 |
_2lcc _cB |
||
| 999 |
_c7480 _d7480 |
||